00424 a2200121 4500001001000000005001700010008004100027245012800068100002300196700002500219773004100244999001700285ART_4738920260410161630.0260409a 10aRegistros contables en el marco del Código Civil y Comercial de la Nación y legislación societaria. Régimen general1 aCampo, Ana María1 aGarrido, Elisabet G.0 tEnfoquesg- N°8 (ago. 2018)wREV416 c12393d12393